[Event "C.to Regionale Sardegna"]
[Site "Cagliari ITA"]
[Date "2006.02.19"]
[Round "2"]
[White "Mannu, Michele"]
[Black "Caramia, Antonio"]
[Result "1-0"]
[WhiteElo "2128"]
[BlackElo "1820"]
[PlyCount "68"]
[EventDate "2006.02.18"]

1.Nf3 Nf6 2.g3 c5 3.Bg2 Nc6 4.O-O d5 5.d3 e6 6.Nbd2 Be7 7.Re1 O-O 8.e4 
dxe4 9.Nxe4 Nd4 10.c3 Nf5 11.Bf4 Nd5 12.Bg5 f6 13.Bd2 e5 14.Qb3 g6 15.Rad1
Kh8 16.Bc1 Nc7 17.Nfd2 Rb8 18.Nf1 Be6 19.Qa4 a6 20.Ne3 Ng7 21.Nf1 f5 22.
Ned2 Bd6 23.Nf3 Re8 24.Bg5 Qd7 25.Qh4 Bxa2 26.Bf6 Bg8 27.Rxe5 Bxe5 28.Nxe5
Rxe5 29.Bxe5 Re8 30.Re1 Bd5 31.Bxd5 Nxd5 32.Qc4 Nf6 33.Qxc5 Qxd3 34.Bxf6 
Rxe1 1-0

[Event "C.to Regionale Sardegna"]
[Site "Cagliari ITA"]
[Date "2006.02.19"]
[Round "2"]
[White "Paulesu, Sebastiano"]
[Black "Ibba, Isacco"]
[Result "1/2-1/2"]
[WhiteElo "1820"]
[BlackElo "2176"]
[PlyCount "50"]
[EventDate "2006.02.18"]

1.e4 Nf6 2.e5 Nd5 3.c4 Nb6 4.c5 Nd5 5.Bc4 e6 6.Nc3 Nxc3 7.dxc3 Nc6 8.Bf4 
Bxc5 9.Qg4 g5 10.Bxg5 Rg8 11.Nh3 h6 12.Bxd8 Rxg4 13.Be2 Kxd8 14.Bxg4 Nxe5 
15.Be2 b5 16.b4 Be7 17.Bxb5 a5 18.bxa5 Rb8 19.a4 c6 20.Be2 Rb2 21.a6 d5 
22.a7 Bb7 23.Ba6 Ba8 24.O-O Rb6 25.Rfb1 Kc7 1/2-1/2

[Event "C.to Regionale Sardegna"]
[Site "Cagliari ITA"]
[Date "2006.02.19"]
[Round "2"]
[White "Puzzoni, Christian"]
[Black "Pes, Francesco"]
[Result "1-0"]
[WhiteElo "2073"]
[BlackElo "1802"]
[PlyCount "81"]
[EventDate "2006.02.18"]

1.e4 e6 2.d4 d5 3.exd5 exd5 4.c4 Nf6 5.Nc3 Be7 6.Bg5 Ne4 7.Bxe7 Nxc3 8.
Bxd8 Nxd1 9.Bxc7 Nxb2 10.cxd5 O-O 11.a4 Bf5 12.Kd2 Na6 13.d6 Nxc7 14.dxc7 
Bd7 15.Bb5 Bxb5 16.axb5 Nc4+ 17.Kc3 Nb6 18.Kd3 Rfc8 19.Nf3 Rxc7 20.Rhc1 
Rxc1 21.Rxc1 Rc8 22.Ra1 Ra8 23.Ne5 Kf8 24.Rc1 f6 25.Ng4 Rc8 26.Ra1 Ra8 27.
Ne3 g6 28.Nd1 Ke7 29.Nc3 f5 30.d5 Kd6 31.Kd4 Kd7 32.Ra2 Kd6 33.h4 Kd7 34.
f3 h6 35.g3 Nc8 36.Na4 b6 37.Ke5 Ke7 38.Rc2 g5 39.h5 Kd7 40.Rc6 Ne7 41.
Rxb6 1-0

[Event "C.to Regionale Sardegna"]
[Site "Cagliari ITA"]
[Date "2006.02.19"]
[Round "2"]
[White "Santilli, Enrico"]
[Black "Saccheri, Fabio"]
[Result "1-0"]
[WhiteElo "1892"]
[BlackElo "1745"]
[PlyCount "41"]
[EventDate "2006.02.18"]

1.e4 e5 2.d4 exd4 3.Qxd4 Nc6 4.Qd3 b6 5.Nc3 Bc5 6.Qg3 g6 7.Bd2 Bb7 8.O-O-O
Nd4 9.Qe5+ Qe7 10.Qxh8 O-O-O 11.Qxh7 Nf6 12.Qh4 Qe6 13.Bg5 Nxe4 14.Nxe4 
Bxe4 15.Ba6+ Kb8 16.Bxd8 Qxa2 17.Qxe4 Qa1+ 18.Kd2 Qxa6 19.Qd3 Bb4+ 20.c3 
Nb3+ 21.Ke1 1-0

[Event "C.to Regionale Sardegna"]
[Site "Cagliari ITA"]
[Date "2006.02.19"]
[Round "3"]
[White "Clementini, Lorenzo"]
[Black "Scarteddu, Marco"]
[Result "1-0"]
[WhiteElo "2126"]
[BlackElo "1673"]
[PlyCount "61"]
[EventDate "2006.02.18"]

1.Nc3 e5 2.Nf3 Nc6 3.d4 exd4 4.Nxd4 Bb4 5.Nxc6 Bxc3+ 6.bxc3 bxc6 7.e4 d5 
8.e5 Ne7 9.Bg5 Qd7 10.Bd3 Qg4 11.Qxg4 Bxg4 12.O-O h6 13.Bxe7 Kxe7 14.h3 
Be6 15.f4 g6 16.g4 f5 17.exf6+ Kxf6 18.f5 gxf5 19.Bxf5 Rhe8 20.Bxe6+ Kxe6 
21.Rae1+ Kd6 22.Rf6+ Kc5 23.Rxe8 Rxe8 24.Kf2 Re4 25.Rxh6 Rc4 26.g5 Rxc3 
27.g6 Rxc2+ 28.Kf3 Rc3+ 29.Kf4 Rc1 30.Rh4 Kd6 31.g7 1-0

[Event "C.to Regionale Sardegna"]
[Site "Cagliari ITA"]
[Date "2006.02.19"]
[Round "3"]
[White "Fenu, Salvatore"]
[Black "Pais, Mario"]
[Result "1/2-1/2"]
[WhiteElo "1966"]
[BlackElo "1657"]
[PlyCount "24"]
[EventDate "2006.02.18"]

1.Nf3 d5 2.d4 Nf6 3.e3 Bg4 4.Be2 e6 5.Nbd2 Nbd7 6.O-O Bd6 7.h3 Bxf3 8.Bxf3
O-O 9.e4 dxe4 10.Nxe4 Nxe4 11.Bxe4 c6 12.c3 Qh4 1/2-1/2

[Event "C.to Regionale Sardegna"]
[Site "Cagliari ITA"]
[Date "2006.02.19"]
[Round "3"]
[White "Ibba, Isacco"]
[Black "Lai, Luca"]
[Result "1/2-1/2"]
[WhiteElo "2176"]
[BlackElo "1829"]
[PlyCount "30"]
[EventDate "2006.02.18"]

1.d4 f5 2.Nc3 Nf6 3.e4 fxe4 4.f3 exf3 5.Nxf3 d5 6.Bd3 Bg4 7.O-O Nc6 8.Qe1 
Bxf3 9.Rxf3 Nxd4 10.Rxf6 gxf6 11.Qh4 e5 12.Be3 Bc5 13.Qh5+ Ke7 14.Na4 b6 
15.b4 Qd7 1/2-1/2

[Event "C.to Regionale Sardegna"]
[Site "Cagliari ITA"]
[Date "2006.02.19"]
[Round "3"]
[White "Lobina, Giulio"]
[Black "Biondelli, Marco"]
[Result "0-1"]
[WhiteElo "1640"]
[BlackElo "1526"]
[PlyCount "98"]
[EventDate "2006.02.18"]

1.e4 e5 2.Nf3 Nc6 3.Bc4 Bc5 4.O-O Nf6 5.Nc3 d6 6.h3 Be6 7.Bxe6 fxe6 8.d3 
Qe7 9.Na4 Bb6 10.Nxb6 axb6 11.Bg5 O-O 12.c3 Qf7 13.Bxf6 Qxf6 14.Nh2 Ne7 
15.Ng4 Qf7 16.a4 Ng6 17.g3 Qd7 18.Kg2 Ra6 19.d4 exd4 20.Qxd4 Rfa8 21.f4 
Rxa4 22.Rxa4 Qxa4 23.Qxa4 Rxa4 24.Kf3 Kf7 25.Rd1 Nf8 26.Ne3 Nd7 27.b4 Ra3 
28.Rd3 Nf6 29.e5 dxe5 30.fxe5 Nd5 31.Nxd5 exd5 32.Kf4 Ke6 33.h4 c5 34.bxc5
bxc5 35.Ke3 Kxe5 36.Kd2 Ra2+ 37.Ke1 Ke4 38.Rd1 Rg2 39.Kf1 Rxg3 40.Rb1 Rxc3
41.Rxb7 Rg3 42.Kf2 Rg4 43.Ke2 Kd4 44.h5 h6 45.Kf3 Rg5 46.Kf4 c4 47.Kf3 c3 
48.Rb3 Kd3 49.Rb5 Kd2 0-1

[Event "C.to Regionale Sardegna"]
[Site "Cagliari ITA"]
[Date "2006.02.19"]
[Round "3"]
[White "Paulesu, Sebastiano"]
[Black "Locci, Damiano"]
[Result "1/2-1/2"]
[WhiteElo "1820"]
[BlackElo "1934"]
[PlyCount "33"]
[EventDate "2006.02.18"]

1.e4 e5 2.d4 exd4 3.Nf3 Nc6 4.Bc4 Bc5 5.c3 dxc3 6.Bxf7+ Kxf7 7.Qd5+ Kf8 8.
Qxc5+ d6 9.Qxc3 Qf6 10.Bg5 Qxc3+ 11.Nxc3 h6 12.Be3 Bd7 13.O-O Nf6 14.Nd4 
Nxd4 15.Bxd4 Bc6 16.Rfe1 Re8 17.e5 1/2-1/2

[Event "C.to Regionale Sardegna"]
[Site "Cagliari ITA"]
[Date "2006.02.19"]
[Round "3"]
[White "Pili, Erika"]
[Black "Puzzoni, Christian"]
[Result "1-0"]
[WhiteElo "1781"]
[BlackElo "2073"]
[PlyCount "82"]
[EventDate "2006.02.18"]

1.e4 e5 2.f4 Nc6 3.Nf3 f5 4.d3 Bc5 5.Nc3 d6 6.Qe2 Nf6 7.Be3 Bb4 8.fxe5 
dxe5 9.exf5 O-O 10.Bd2 Bxc3 11.Bxc3 Nd4 12.Qf2 Ng4 13.Qd2 Ne3 14.Rc1 Nxf3+
15.gxf3 Qh4+ 16.Qf2 Nxf5 17.Bxe5 Qh6 18.f4 Bd7 19.Bg2 Rae8 20.Bd5+ Kh8 21.
O-O c6 22.Be4 Re6 23.Kh1 Ne7 24.Qxa7 Nd5 25.Rg1 Re7 26.Bxd5 cxd5 27.Qa3 
Rfe8 28.d4 Bf5 29.Rg3 Qh5 30.Qe3 h6 31.h3 Kh7 32.Rcg1 g6 33.Kh2 Bxc2 34.
Qf3 Qxf3 35.Rxf3 Be4 36.Rc3 b5 37.a3 b4 38.axb4 Rb7 39.Rc7+ Rxc7 40.Bxc7 
Rc8 41.Rc1 Re8 1-0

[Event "C.to Regionale Sardegna"]
[Site "Cagliari ITA"]
[Date "2006.02.19"]
[Round "3"]
[White "Santilli, Enrico"]
[Black "Basciu, Simone"]
[Result "0-1"]
[WhiteElo "1892"]
[BlackElo "2176"]
[PlyCount "44"]
[EventDate "2006.02.18"]

1.e4 e6 2.d4 d5 3.e5 c5 4.c3 Nc6 5.f4 Qb6 6.Nf3 Nh6 7.Bd3 Bd7 8.O-O cxd4 
9.cxd4 Nxd4 10.Nxd4 Qxd4+ 11.Kh1 Ng4 12.Qe2 h5 13.h3 Bc5 14.Bb5 a6 15.
Bxd7+ Kxd7 16.Nc3 Rac8 17.Bd2 Nf2+ 18.Kh2 Nd3 19.Nd1 Nxb2 20.Bc3 Qc4 21.
Qxb2 Qxf1 22.Bd2 Bg1+ 0-1

[Event "C.to Regionale Sardegna"]
[Site "Cagliari ITA"]
[Date "2006.02.25"]
[Round "4"]
[White "Altea, Giovanni"]
[Black "Ibba, Isacco"]
[Result "0-1"]
[WhiteElo "1731"]
[BlackElo "2176"]
[PlyCount "100"]
[EventDate "2006.02.18"]

1.c4 e5 2.Nc3 Nf6 3.Nf3 d6 4.d3 g6 5.g3 Bg7 6.Bg2 O-O 7.O-O Nc6 8.Rb1 a5 
9.a3 Nd4 10.Bg5 h6 11.Bd2 Nh5 12.e3 Ne6 13.b4 axb4 14.axb4 f5 15.Qb3 Kh7 
16.Ra1 Rb8 17.Ra7 c6 18.Rfa1 Qb6 19.R7a3 f4 20.Ne4 Qd8 21.Nc3 Nc7 22.Qd1 
Bg4 23.h3 Bxf3 24.Bxf3 fxg3 25.fxg3 Nxg3 26.e4 Ne6 27.Kh2 Nd4 28.Bg2 Qf6 
29.Be3 Nh5 30.R3a2 Nf4 31.Rf2 h5 32.Raa2 Qh4 33.Qf1 Bh6 34.Nd1 g5 35.Bxd4 
exd4 36.Rf3 g4 37.Qf2 Nxg2 38.Qxh4 Nxh4 39.Rxf8 Rxf8 40.Kg3 Rf3+ 41.Kh2 
Rf1 42.Kg3 Rf3+ 43.Kh2 Rxh3+ 44.Kg1 Rxd3 45.Nf2 Be3 46.Kf1 Bxf2 47.Kxf2 
Nf3 48.Kg3 Kg6 49.Kf4 Nd2 50.Rxd2 Rf3# 0-1

[Event "C.to Regionale Sardegna"]
[Site "Cagliari ITA"]
[Date "2006.02.25"]
[Round "4"]
[White "Figus, Maurizio"]
[Black "Pili, Erika"]
[Result "0-1"]
[WhiteElo "1896"]
[BlackElo "1781"]
[PlyCount "86"]
[EventDate "2006.02.18"]

1.e4 e5 2.Nf3 Nc6 3.d4 exd4 4.Nxd4 Bc5 5.Be3 Qf6 6.Nb5 Bxe3 7.fxe3 Qh4+ 8.
g3 Qd8 9.Qg4 Kf8 10.Qf4 d6 11.Bc4 Ne5 12.O-O Nf6 13.Bb3 c6 14.Nd4 Bh3 15.
Nd2 Bxf1 16.Rxf1 h5 17.N2f3 Nxf3+ 18.Rxf3 Qe7 19.Nf5 Qe5 20.Nxd6 Qxf4 21.
Rxf4 Ke7 22.e5 Nd5 23.Rxf7+ Ke6 24.Rxg7 Kxe5 25.Nxb7 Nxe3 26.Re7+ Kd4 27.
c3+ Kd3 28.Bf7 Raf8 29.Nc5+ Ke2 30.Nb3 Rd8 31.Nd4+ Kd3 32.Bg6+ Kd2 33.Nb3+
Ke2 34.Nd4+ Rxd4 35.cxd4 Rf8 36.Rf7 Rd8 37.Rf4 Rd5 38.Rf2+ Ke1 39.h3 Rg5 
40.Rf6 Rxg3+ 41.Kh2 h4 42.Bh5 Kd2 43.Rf2+ Kd3 0-1

[Event "C.to Regionale Sardegna"]
[Site "Cagliari ITA"]
[Date "2006.02.25"]
[Round "4"]
[White "Mannu, Michele"]
[Black "Paulesu, Sebastiano"]
[Result "0-1"]
[WhiteElo "2128"]
[BlackElo "1820"]
[PlyCount "46"]
[EventDate "2006.02.18"]

1.Nf3 d5 2.g3 h5 3.Bg2 h4 4.Nxh4 e5 5.d3 Nc6 6.e4 Be6 7.exd5 Bxd5 8.Bxd5 
Qxd5 9.Qf3 Qe6 10.Be3 Be7 11.Ng2 O-O-O 12.a3 g5 13.Nc3 g4 14.Qe2 Nh6 15.
O-O-O Rd4 16.f4 Bc5 17.Qf2 Nf5 18.fxe5 Nxe5 19.Nf4 Rxf4 20.gxf4 Bxe3+ 21.
Qxe3 Nxe3 22.Rde1 Nf3 23.Re2 g3 0-1

[Event "C.to Regionale Sardegna"]
[Site "Cagliari ITA"]
[Date "2006.02.25"]
[Round "5"]
[White "Ibba, Isacco"]
[Black "Figus, Maurizio"]
[Result "1-0"]
[WhiteElo "2176"]
[BlackElo "1896"]
[PlyCount "55"]
[EventDate "2006.02.18"]

1.d4 Nf6 2.Nc3 d5 3.Bg5 Ne4 4.Nxe4 dxe4 5.f3 h6 6.Bh4 Bf5 7.Qd2 Nc6 8.d5 
e3 9.Qxe3 Nb4 10.Qe5 Nxc2+ 11.Kf2 Nxa1 12.Qxf5 Qd6 13.Qe4 Qc5+ 14.e3 O-O-O
15.Bc4 Kb8 16.Ne2 g5 17.Bg3 f5 18.Qd4 e5 19.Bxe5 Nc2 20.Qd3 Nxe3 21.Qxe3 
Qxc4 22.Bxh8 Qxd5 23.Rc1 Bd6 24.Bf6 Rf8 25.Bg7 Rg8 26.Bd4 Qf7 27.Bxa7+ Ka8
28.Bc5 1-0

[Event "C.to Regionale Sardegna"]
[Site "Cagliari ITA"]
[Date "2006.02.26"]
[Round "6"]
[White "Basciu, Simone"]
[Black "Ibba, Isacco"]
[Result "0-1"]
[WhiteElo "2176"]
[BlackElo "2176"]
[PlyCount "116"]
[EventDate "2006.02.18"]

1.d4 d5 2.Nf3 Nf6 3.c4 e6 4.Nc3 c6 5.e3 Nbd7 6.Qc2 Bd6 7.Bd3 O-O 8.O-O 
dxc4 9.Bxc4 b5 10.Bd3 Bb7 11.e4 e5 12.h3 a6 13.Bg5 h6 14.Bh4 c5 15.dxc5 
Nxc5 16.a3 g5 17.Bg3 Nh5 18.Bxe5 Bxe5 19.Nxe5 Qd4 20.Be2 Qxe5 21.Bxh5 Nxe4
22.Nxe4 Bxe4 23.Qe2 Rac8 24.Rac1 Qf4 25.Rxc8 Rxc8 26.Re1 Rc1 27.Rxc1 Qxc1+
28.Kh2 Qf4+ 29.Kg1 Bd5 30.Qd1 Qe5 31.Qd2 Qe4 32.Bf3 Qb1+ 33.Qd1 Qxd1+ 34.
Bxd1 Kg7 35.g3 Kf6 36.f3 Ke5 37.Kf2 Be6 38.h4 gxh4 39.gxh4 Kf4 40.Be2 Bc4 
41.Bd1 a5 42.Bc2 Bd5 43.Bd1 a4 44.Be2 Bc4 45.Bd1 Bd3 46.b3 b4 47.bxa4 bxa3
48.Bb3 Bb1 49.Bxf7 a2 50.Bxa2 Bxa2 51.a5 Bd5 52.a6 Bxf3 53.a7 h5 54.Kg1 
Kg3 55.Kf1 Kxh4 56.Kf2 Kg4 57.Kg1 Kg3 58.Kf1 h4 0-1

[Event "C.to Regionale Sardegna"]
[Site "Cagliari ITA"]
[Date "2006.02.26"]
[Round "6"]
[White "Manca, Luca"]
[Black "Locci, Damiano"]
[Result "1/2-1/2"]
[WhiteElo "1718"]
[BlackElo "1934"]
[PlyCount "42"]
[EventDate "2006.02.18"]

1.e4 e6 2.d4 d5 3.exd5 exd5 4.c4 dxc4 5.Bxc4 Bd6 6.Nf3 Nf6 7.O-O O-O 8.Bg5
Bg4 9.Nbd2 h6 10.Bh4 g5 11.Bg3 Nc6 12.Nb3 b6 13.a3 Ne7 14.Bd3 Ned5 15.Nbd2
Nf4 16.Qc2 Nxd3 17.Qxd3 Re8 18.Qb5 a6 19.Qb3 Be6 20.Qc2 Nd5 21.Rae1 Qf6 
1/2-1/2

[Event "C.to Regionale Sardegna"]
[Site "Cagliari ITA"]
[Date "2006.02.26"]
[Round "6"]
[White "Puzzoni, Christian"]
[Black "Maldarelli, Lorenzo"]
[Result "1-0"]
[WhiteElo "2073"]
[BlackElo "1792"]
[PlyCount "54"]
[EventDate "2006.02.18"]

1.e4 c5 2.b4 cxb4 3.d4 d5 4.e5 Nc6 5.a3 Qb6 6.Nf3 Bf5 7.axb4 Nxb4 8.Na3 e6
9.Bb5+ Nc6 10.O-O Bxa3 11.Bxc6+ Qxc6 12.Bxa3 Ne7 13.Qd2 Rc8 14.g4 Bg6 15.
Qg5 Qd7 16.Bc5 a6 17.Rfb1 Nc6 18.Rb6 h6 19.Qd2 Be4 20.Ne1 Nxe5 21.Qb4 Nc6 
22.Qa3 e5 23.f3 Bg6 24.Rab1 Rc7 25.Bd6 Nd8 26.Bxe5 Rc6 27.Bxg7 Rh7 1-0

[Event "C.to Regionale Sardegna"]
[Site "Cagliari ITA"]
[Date "2006.02.26"]
[Round "6"]
[White "Santilli, Enrico"]
[Black "Pili, Erika"]
[Result "1-0"]
[WhiteElo "1892"]
[BlackElo "1781"]
[PlyCount "43"]
[EventDate "2006.02.18"]

1.e4 e5 2.d4 exd4 3.Qxd4 Nc6 4.Qe3 d6 5.Bd2 Nf6 6.Nc3 g6 7.O-O-O Bg7 8.Bc4
O-O 9.h4 Ne5 10.Be2 c6 11.Qg3 Be6 12.Bg5 Qc7 13.h5 Rad8 14.Bxf6 Bxf6 15.f4
Nc4 16.f5 Be5 17.Qf2 Nxb2 18.hxg6 Bxc3 19.Rxh7 Qa5 20.f6 fxg6 21.Rg7+ Kh8 
22.Qh4+ 1-0

[Event "C.to Regionale Sardegna"]
[Site "Cagliari ITA"]
[Date "2006.02.26"]
[Round "7"]
[White "Ibba, Isacco"]
[Black "Puzzoni, Christian"]
[Result "0-1"]
[WhiteElo "2176"]
[BlackElo "2073"]
[PlyCount "105"]
[EventDate "2006.02.18"]

1.d4 d5 2.Nf3 Nc6 3.Bf4 f6 4.c4 e5 5.dxe5 d4 6.exf6 Qxf6 7.Bg5 Qg6 8.Nbd2 
Bg4 9.h3 Bf5 10.e4 dxe3 11.fxe3 Be7 12.Bxe7 Qg3+ 13.Ke2 Ngxe7 14.Qe1 Qg6 
15.e4 O-O-O 16.exf5 Nxf5 17.Kf2 Ng3 18.Kg1 Rhe8 19.Qf2 Kb8 20.Re1 Rxe1 21.
Qxe1 Re8 22.Qb1 Qh6 23.Qd3 Qf4 24.Qd7 Qe3+ 25.Kh2 Re7 26.Qg4 Nxh1 27.Kxh1 
h6 28.g3 a5 29.Qf4 Qb6 30.Nb3 Qf2 31.Nfd4 Qxf4 32.gxf4 Nxd4 33.Nxd4 Rd7 
34.Ne6 Rd2 35.f5 Kc8 36.Nxg7 Kd8 37.c5 Ke7 38.Nh5 Rxb2 39.f6+ Kf8 40.Ng7 
Kf7 41.Bc4+ Kxf6 42.Ne8+ Ke5 43.Nxc7 Kd4 44.Bb3 Kxc5 45.Ne6+ Kb4 46.Nf4 a4
47.Nd3+ Ka3 48.Nxb2 axb3 49.axb3 Kxb2 50.b4 b5 51.Kg2 Kb3 52.Kf3 Kxb4 53.
Kg4 0-1

[Event "XII Open A"]
[Site "Verona ITA"]
[Date "2006.01.02"]
[Round "1"]
[White "Bertani, Gianfranco"]
[Black "Gourlay, Iain"]
[Result "0-1"]
[WhiteElo "2116"]
[BlackElo "2363"]
[PlyCount "80"]
[EventDate "2006.01.02"]

1.Nf3 Nf6 2.b3 g6 3.Bb2 Bg7 4.e3 d6 5.d4 O-O 6.Be2 c5 7.c3 Qc7 8.Nbd2 e5 
9.dxe5 dxe5 10.Qc2 b6 11.O-O Bb7 12.e4 Nbd7 13.a4 a6 14.Bc4 Bc6 15.Bd3 b5 
16.Rfe1 Rfd8 17.axb5 axb5 18.Rxa8 Rxa8 19.c4 b4 20.Nf1 Bh6 21.Bc1 Bxc1 22.
Qxc1 Ra2 23.Kh1 Qa7 24.Ne3 Qa3 25.Nd5 Bxd5 26.cxd5 Rb2 27.Qd1 Qxb3 28.Bb5 
Qxd1 29.Rxd1 Rc2 30.Nd2 Nb6 31.f3 c4 32.Nf1 c3 33.d6 b3 34.Ne3 Ra2 35.d7 
Nfxd7 36.Bc6 c2 37.Nxc2 bxc2 38.Rc1 Nc5 39.Bd5 Nxd5 40.exd5 Nd3 0-1

[Event "XII Open A"]
[Site "Verona ITA"]
[Date "2006.01.02"]
[Round "1"]
[White "Calzetta Ruiz, Monica"]
[Black "Gallo, Enrico"]
[Result "1-0"]
[WhiteElo "2314"]
[BlackElo "2103"]
[PlyCount "77"]
[EventDate "2006.01.02"]

1.e4 c5 2.Nc3 e6 3.Nf3 Nc6 4.d4 d5 5.Bb5 Nf6 6.exd5 Nxd5 7.O-O Nxc3 8.bxc3
Be7 9.Be3 O-O 10.dxc5 Qa5 11.Qd3 Rd8 12.Qc4 Bd7 13.Rab1 Rac8 14.Qa4 Qxc3 
15.Rb3 Qa5 16.Qe4 f5 17.Qc4 Bf6 18.Bxc6 bxc6 19.Bf4 Be8 20.Rb7 Rd5 21.Bd6 
Bf7 22.Qb3 Qa6 23.Rb8 h6 24.c4 Rd4 25.Nxd4 Bxd4 26.Qb7 Qxb7 27.Rxb7 e5 28.
Rc1 e4 29.Kf1 f4 30.Rxa7 e3 31.f3 Bg6 32.Ke2 Bb2 33.Rd1 Bc2 34.Rh1 g5 35.
g3 Bd4 36.gxf4 gxf4 37.Rg1+ Kh8 38.Bxf4 Bxc5 39.Be5# 1-0

[Event "XII Open A"]
[Site "Verona ITA"]
[Date "2006.01.02"]
[Round "1"]
[White "Chierici, Marianna"]
[Black "Dvirnyy, Danyyil"]
[Result "0-1"]
[WhiteElo "1934"]
[BlackElo "2265"]
[PlyCount "114"]
[EventDate "2006.01.02"]

1.e4 c5 2.c3 d6 3.d4 Nf6 4.dxc5 Nc6 5.Bd3 dxc5 6.Bf4 c4 7.Bc2 Qxd1+ 8.Kxd1
e5 9.Be3 Ng4 10.Nd2 Be6 11.Ba4 Nxe3+ 12.fxe3 Bc5 13.Ke2 O-O-O 14.Bc2 h5 
15.Ngf3 h4 16.Rhg1 b5 17.h3 Rh5 18.Rad1 g6 19.b4 Bb6 20.a3 Kc7 21.Rdf1 f5 
22.g4 hxg3 23.Rxg3 Bxe3 24.Rxg6 Bxd2 25.Nxd2 Rxh3 26.Nf3 fxe4 27.Bxe4 Bd5 
28.Ng5 Rxc3 29.Rf7+ Rd7 30.Bxd5 Nd4+ 31.Kf2 Rc2+ 32.Ke1 Rxf7 33.Nxf7 c3 
34.Rg3 Re2+ 35.Kf1 c2 36.Rc3+ Kd7 37.Bf3 Re3 38.Bg4+ Ke7 39.Rc7+ Kf6 40.
Kf2 Re4 41.Bh3 Re2+ 42.Kg3 Re1 43.Nd6 c1=Q 44.Rxc1 Rxc1 45.Ne4+ Ke7 46.Kf2
Ra1 47.Bg4 Ra2+ 48.Ke3 Rxa3+ 49.Kd2 Rb3 50.Nc3 Kd6 51.Ne4+ Kc6 52.Nc5 Rg3 
53.Bd7+ Kd5 54.Nd3 Rg2+ 55.Kd1 Kc4 56.Nxe5+ Kc3 57.Ke1 Re2+ 0-1

[Event "XII Open A"]
[Site "Verona ITA"]
[Date "2006.01.02"]
[Round "1"]
[White "Danieli, Enrico"]
[Black "Arlandi, Ennio"]
[Result "0-1"]
[WhiteElo "2164"]
[BlackElo "2458"]
[PlyCount "66"]
[EventDate "2006.01.02"]

1.d4 Nf6 2.Nf3 g6 3.Nc3 d5 4.Bf4 Bg7 5.e3 O-O 6.Be2 c5 7.dxc5 Qa5 8.O-O 
Qxc5 9.Nd2 Nc6 10.Nb3 Qb6 11.Nxd5 Nxd5 12.Qxd5 Bxb2 13.Rab1 Nb4 14.Qf3 Bg7
15.Rfd1 Nxa2 16.Nd4 Qf6 17.Nb5 Nc3 18.Nxc3 Qxc3 19.Qe4 e5 20.Bg5 Qc7 21.
Rd2 a5 22.Qh4 Bf5 23.Be7 Rfe8 24.Bf6 Bxf6 25.Qxf6 a4 26.Bb5 Re6 27.Qh4 Rb6
28.Rbd1 Rxb5 29.Qf6 a3 30.Rd8+ Rxd8 31.Rxd8+ Qxd8 32.Qxd8+ Kg7 33.g4 a2 
0-1

[Event "XII Open A"]
[Site "Verona ITA"]
[Date "2006.01.02"]
[Round "1"]
[White "De Santis, Alessio"]
[Black "Astengo, Corrado"]
[Result "0-1"]
[WhiteElo "2373"]
[BlackElo "2121"]
[PlyCount "94"]
[EventDate "2006.01.02"]

1.d4 d5 2.Nf3 Nf6 3.g3 Bf5 4.Bg2 e6 5.O-O Bd6 6.c4 c6 7.Nc3 Nbd7 8.Nh4 Bg4
9.Qb3 Rb8 10.h3 Bh5 11.cxd5 Nxd5 12.Bxd5 cxd5 13.Nb5 Be7 14.Bf4 Bxe2 15.
Bc7 Qc8 16.Nd6+ Bxd6 17.Bxd6 Bxf1 18.Rxf1 Qc6 19.Ba3 Qb6 20.Qe3 Nf6 21.Bc5
Qc6 22.Qe5 Kd7 23.Nf3 Qc7 24.Qe3 Ne4 25.Ne5+ Ke8 26.Ba3 f6 27.Rc1 Qa5 28.
Nf3 Kf7 29.Qf4 Rhc8 30.Re1 Kg8 31.Qg4 Rc6 32.Re2 Rbc8 33.Qh5 Qa6 34.Ne1 g6
35.Qf3 Ng5 36.Qe3 Nxh3+ 37.Kg2 Ng5 38.Nd3 Qb5 39.Be7 Ne4 40.f3 Kf7 41.a4 
Qb6 42.fxe4 Kxe7 43.exd5 Rc2 44.Nc5 Rxe2+ 45.Qxe2 Qd6 46.Nxe6 Qxd5+ 47.Kh2
Qxe6 0-1

[Event "XII Open A"]
[Site "Verona ITA"]
[Date "2006.01.02"]
[Round "1"]
[White "Estremera Panos, Sergio"]
[Black "Barberi, Alessandro"]
[Result "1/2-1/2"]
[WhiteElo "2361"]
[BlackElo "2113"]
[PlyCount "56"]
[EventDate "2006.01.02"]

1.c4 e5 2.Nc3 Nc6 3.d3 g6 4.g3 Bg7 5.Bg2 Nge7 6.e4 O-O 7.Nge2 d6 8.O-O Be6
9.Nd5 h6 10.Rb1 Nd4 11.Nxd4 exd4 12.f4 Bxd5 13.cxd5 f5 14.Qb3 Rb8 15.e5 
Kh7 16.Re1 c6 17.exd6 Qxd6 18.Re6 Qd7 19.d6 Nd5 20.Bxd5 cxd5 21.Qxd5 Rfe8 
22.Rxe8 Qxe8 23.Bd2 Qe2 24.d7 Qxd2 25.d8=Q Qe3+ 26.Kg2 Rxd8 27.Qxd8 Qe2+ 
28.Kh3 Qg4+ 1/2-1/2

[Event "XII Open A"]
[Site "Verona ITA"]
[Date "2006.01.02"]
[Round "1"]
[White "Frigieri, Fabrizio"]
[Black "Guido, Flavio"]
[Result "0-1"]
[WhiteElo "2096"]
[BlackElo "2305"]
[PlyCount "66"]
[EventDate "2006.01.02"]

1.e4 c5 2.Nf3 e6 3.d4 cxd4 4.Nxd4 Nf6 5.Bd3 Nc6 6.Be3 d5 7.exd5 Nxd5 8.
Nxc6 bxc6 9.Qe2 Rb8 10.Nd2 Rxb2 11.O-O Rb7 12.Be4 Bb4 13.Nf3 O-O 14.Ne5 
Bc3 15.Nxc6 Qc7 16.Nd4 Bxa1 17.Rxa1 Nc3 18.Qd3 Nxe4 19.Qxe4 Rb4 20.Bd2 Rc4
21.Qe3 Qb6 22.c3 Re8 23.Qd3 Ba6 24.Rb1 Rb4 25.Rxb4 Bxd3 26.Rxb6 axb6 27.
Bc1 Rc8 28.Bb2 e5 29.Nf3 f6 30.Nd2 Rd8 31.f3 Bg6 32.Nc4 Bf7 33.Ne3 Rd2 0-1

[Event "XII Open A"]
[Site "Verona ITA"]
[Date "2006.01.02"]
[Round "1"]
[White "Kafka, Graeme"]
[Black "Ivanov, Mikhail M."]
[Result "0-1"]
[WhiteElo "2135"]
[BlackElo "2447"]
[PlyCount "98"]
[EventDate "2006.01.02"]

1.e4 c5 2.Nf3 e6 3.d4 cxd4 4.Nxd4 a6 5.Nc3 Qc7 6.Bd3 Nc6 7.Nxc6 dxc6 8.O-O
e5 9.a4 Be6 10.Be3 Bb4 11.Qe2 Nf6 12.Bc4 Qe7 13.f3 O-O 14.Rfd1 Nh5 15.Bxe6
Qxe6 16.Qd2 Nf6 17.Qd3 h6 18.Ne2 Rad8 19.Qxd8 Rxd8 20.Rxd8+ Kh7 21.b3 Qe7 
22.Rd3 Bc5 23.Kf1 Bxe3 24.Rxe3 Nd7 25.Ng3 g6 26.Rd3 Nc5 27.Rd2 h5 28.Rad1 
Qf6 29.b4 Nxa4 30.Rd7 Nc3 31.R1d3 Qe6 32.Ne2 Nxe2 33.Kxe2 b6 34.Rb7 Qc4 
35.Rxb6 Qxc2+ 36.Rd2 Qc4+ 37.Kd1 h4 38.Rb7 h3 39.gxh3 Qf1+ 40.Kc2 Qxf3 41.
Rdd7 Qxe4+ 42.Kc3 Qf3+ 43.Kc4 Kg7 44.Kc5 g5 45.Rbc7 Qc3+ 46.Kd6 Qxb4+ 47.
Kxe5 Qc5+ 48.Ke4 Kg6 49.Re7 a5 0-1

[Event "XII Open A"]
[Site "Verona ITA"]
[Date "2006.01.02"]
[Round "1"]
[White "Lazic, Miroljub"]
[Black "Scharrer, Patrick"]
[Result "1-0"]
[WhiteElo "2466"]
[BlackElo "2179"]
[PlyCount "121"]
[EventDate "2006.01.02"]

1.g3 g6 2.Bg2 Bg7 3.d4 Nf6 4.e4 d6 5.Nc3 O-O 6.Nge2 e5 7.h3 exd4 8.Nxd4 
Bd7 9.O-O Nc6 10.Be3 Re8 11.Re1 a6 12.f4 Na5 13.Bf2 c5 14.Nde2 Bc6 15.Qd3 
b5 16.a3 b4 17.axb4 cxb4 18.Nd4 bxc3 19.Qxc3 Bxe4 20.Qxa5 Qd7 21.Qa3 Bxg2 
22.Kxg2 Qb7+ 23.Qf3 d5 24.Qb3 Qxb3 25.Nxb3 Ne4 26.Bd4 Rec8 27.Re2 Bxd4 28.
Nxd4 a5 29.Re3 Rc4 30.Rd3 Rb4 31.b3 a4 32.Nc6 Rb7 33.bxa4 Rc7 34.Nd4 Rca7 
35.Rda3 Nd6 36.R3a2 Nc4 37.Kf2 Re7 38.Re1 Rb7 39.g4 Rb4 40.Nc6 Rbxa4 41.
Rxa4 Rxa4 42.Ne7+ Kg7 43.Nxd5 Ra3 44.Re4 Nb2 45.Ne3 Ra1 46.Rd4 Rh1 47.g5 
Rh2+ 48.Kg3 Re2 49.Kf3 Re1 50.Rd7 Rh1 51.Kg2 Re1 52.Ng4 Re2+ 53.Kf3 Rxc2 
54.Nh6 Rc8 55.Rxf7+ Kh8 56.Ng4 Kg8 57.Rb7 Nd1 58.Nf6+ Kf8 59.Nxh7+ Kg8 60.
Nf6+ Kf8 61.f5 1-0

[Event "XII Open A"]
[Site "Verona ITA"]
[Date "2006.01.02"]
[Round "1"]
[White "Miatello, Alberto"]
[Black "Rombaldoni, Denis"]
[Result "0-1"]
[WhiteElo "2077"]
[BlackElo "2292"]
[PlyCount "52"]
[EventDate "2006.01.02"]

1.e4 c6 2.d4 d5 3.e5 Bf5 4.Nf3 e6 5.c4 Ne7 6.c5 Nd7 7.Nc3 Bg4 8.Be2 Nf5 9.
Rb1 f6 10.exf6 Qxf6 11.Be3 Bxf3 12.Bxf3 e5 13.dxe5 Qxe5 14.O-O Nxe3 15.
fxe3 Bxc5 16.Bg4 Nf6 17.Rf5 Qxe3+ 18.Kh1 O-O 19.Rf3 Nxg4 20.Rxf8+ Rxf8 21.
Qxg4 Qd3 22.Qe6+ Kh8 23.Qe1 h6 24.Rd1 Qc2 25.Qe2 Qxe2 26.Nxe2 Rf2 0-1

[Event "XII Open A"]
[Site "Verona ITA"]
[Date "2006.01.02"]
[Round "1"]
[White "Opacic, Alexandar"]
[Black "Mrdja, Milan"]
[Result "0-1"]
[WhiteElo "2104"]
[BlackElo "2332"]
[PlyCount "32"]
[EventDate "2006.01.02"]

1.e4 Nf6 2.e5 Nd5 3.d4 d6 4.Nf3 Bg4 5.h3 Bxf3 6.Qxf3 dxe5 7.dxe5 e6 8.Bd2 
c6 9.c4 Nb4 10.Qb3 N4a6 11.Bb4 Bxb4+ 12.Nc3 Qd4 13.a3 Qxe5+ 14.Be2 Bxc3+ 
15.bxc3 Nc5 16.Qc2 Qe4 0-1